00909 a2200205 4500010001400000020002300014035001300037037001500050082001400065090001500079100002000094245015300114260004000267270013500307300002800442500005100470942002900521999001500550952013800565 aENG-88360 c530.00a8178271400 aEN-71893 bDBAD / PUB00a327.54058 c8365d8365 aAsopa, Sheel K.10aStruggle for spheres of interest in trans-caucasia-central Asia and India's stakes:cby Sheel K. Asopaban appraisal of India's central Asia policy/ aNew DelhibManak Publicationsc2006 aB-7, Saraswati Complex, Subhash Chowk, Laxmi Nagar,bNew Delhie110092k91-11-22453894, 91-11-22042529minfo@manakpublications.com axv, 376 p.c23cm (Hb ) aIncludes bibliographical refrences and index. adplcENk327.54058 / ASO c8214d8214 00102ddc40718NFICaDBADbDBADeDBAD/PUBg530.00l0o327.54058 ASOpEN-71893r2008-09-15 00:00:00t1u9120v530.00w2008-09-15yEN